سوسيولوجيا الجمهور السياسى الدينى : (Record no. 7900)
[ view plain ]
| 000 -الفاتح | |
|---|---|
| حقل البيانات ثابتة الطول | 01083nac a22002171u 4500 |
| 008 - عناصر البيانات ثابتة الطول - معلومات عامة | |
| حقل البيانات ثابتة الطول | 090318t2005 ua|||||r|||| 001 0dara d |
| 020 ## - الرقم الدولى المعيارى للكتب | |
| الرقم الدولى المعيارى للكتاب | 9953367310 |
| 082 ## - رقم تصنيف ديوى العشرى | |
| رقم المادة | خ ل ي |
| رقم التصنيف | 320.101 |
| 100 ## - المدخل الرئيسى - إسم شخصى | |
| الإسم الشخصى | خليل، أحمد خليل |
| 9 (RLIN) | 17572 |
| 245 ## - بيان العنوان | |
| العنوان | سوسيولوجيا الجمهور السياسى الدينى : |
| بقية العنوان | فى الشرق الأوسط المعاصر / |
| بيان المسئوليه,etc | خليل أحمد خليل. |
| 260 ## - PUBLICATION, DISTRIBUTION, ETC. (IMPRINT) | |
| مكان الناشر او الموزع | بيروت : |
| اسم الناشر او الموزع | المؤسسة العربية للدراسات والنشر، |
| تاريخ النشر أو التوزيع | م 2005. |
| 300 ## - الوصف المادى | |
| التعداد | 391 ص : |
| تفاصيل ماديه اخرى للوعاء | أيض؛ |
| أبعاد الوعاء | 24 سم. |
| 490 ## - بيان السلسلة | |
| -- | 17575 |
| عنوان السلسلة | فكر- دراسات |
| 504 ## - تبصرة ببليوجرافية | |
| تبصرة ببليوجرافية,الخ | يحتوي علي مراجع ببليوجرافية ص 379-386 |
| 511 ## - | |
| -- | Catalogued by: Sara |
| 650 ## - المدخل الاضافى بالموضوع-مصطلح موضوعى | |
| مصطلح موضوعي أو اسم جغرافي كعنصر مدخل | الاجتماع ، علم |
| 9 (RLIN) | 22401 |
| 650 ## - المدخل الاضافى بالموضوع-مصطلح موضوعى | |
| مصطلح موضوعي أو اسم جغرافي كعنصر مدخل | المجتمع |
| 9 (RLIN) | 22402 |
| 650 ## - المدخل الاضافى بالموضوع-مصطلح موضوعى | |
| مصطلح موضوعي أو اسم جغرافي كعنصر مدخل | الجماعات الضاغطة |
| 9 (RLIN) | 21716 |
| 942 ## - عناصر المدخل الإضافي( كوها) | |
| Koha [default] item type | Book - Borrowing |
| سابقة رقم الطلب | 320.101 خ ل ي |
| مصدر التصنيف او مخطط الترفيف | Dewey Decimal Classification |
| حالة التراجع | حالة الفقد | مصدر التصنيف او خطة الترفيف | حالة تلف | ليس للاعارة | مجموعات كوها | المكان الدائم | المكان الحالي | موقع الترفيف | تاريخ الاكتساب | Source of acquisition | رقم الاستدعاء | الباركود | Date last seen | مُعار | التكلفة | نوع الوعاء |
|---|---|---|---|---|---|---|---|---|---|---|---|---|---|---|---|---|
| Dewey Decimal Classification | Central Library | Central Library | First floor | 22/08/2010 | 320.101 خ ل ي | 000009766 | 15/07/2025 | 27/06/2011 | 55.00 | Book - Borrowing |